| 000 | 01095nam a2200265 4500 | ||
|---|---|---|---|
| 001 | 0000021289 | ||
| 003 | CO-CtgCURN | ||
| 005 | 20250825223112.0 | ||
| 008 | 160627s2003 000 0 eng d | ||
| 020 | _a9589723705 | ||
| 040 |
_aCO-CtgCURN _bspa _ccoctgcurn |
||
| 082 | 0 |
_a341.523 _bS153p |
|
| 100 | 1 | _aSandoval Robayo, Mary Luz. | |
| 245 | 1 | 3 |
_aEl papel de las ONGs internacionales en los conflictos armados internos, caso Colombia / _cMary Sandoval Robayo. |
| 260 |
_aBogotá : _bUniversidad Libre, _c2003. |
||
| 300 | _a458 p. | ||
| 336 | _2rdacontent | ||
| 337 |
_2rdamedia _asin mediacion _bn |
||
| 338 |
_2rdacarrier _avolumen _bnc |
||
| 505 | 8 | _aContenido: Aproximacion sociojuridica.--Historia de las ONGs Internacionales.--Humanitarismo versus liberalismo.--La expansion de los conflictos.--Las paradojas actuales de la asistencia humanitaria.--El perfil d ela ONGs en Colombia | |
| 650 | 0 |
_aOrganizaciones no _vGubernamentales. |
|
| 908 | _a160627 | ||
| 942 |
_cBK _h341.523 _iS153p _2ddc |
||
| 999 |
_c49600 _d49600 _x1 |
||